Llei 14/2002, de 27 de juny, de les cambres oficials de comerç, indústria i navegació de Catalunya i del Consell General de les Cambres / presentació i edició a cura del lletrat Vicenç M. Santaló i Burull

por Catalunya. Llei de les cambres oficials de comerç, indústria i navegació de Catalunya i del Consell General de les Cambres (2002)

Publicado: Barcelona : Parlament de Catalunya , 2004
Descripción Física: 65 p. ; 21 cm

MARC

LEADER 00000nam a2200000Ia 4500
001 15957
008 160829s2004 xx 000 0 cat d
080 |a D-3-28 
100 |a Catalunya. Llei de les cambres oficials de comerç, indústria i navegació de Catalunya i del Consell General de les Cambres (2002)  |9 26906 
245 |a Llei 14/2002, de 27 de juny, de les cambres oficials de comerç, indústria i navegació de Catalunya i del Consell General de les Cambres / presentació i edició a cura del lletrat Vicenç M. Santaló i Burull 
260 |a Barcelona :  |b Parlament de Catalunya,  |c 2004 
300 |a 65 p. ;  |c 21 cm 
490 |a Textos legislatius ; 34 
590 |a A la portada: Aprovada pel Ple del Parlament (tramitació núm. 200-00041/06) en la sessió núm. 60, del 12 de juny de 2002 (Diari de Sessions del Parlament de Catalunya, sèrie P, núm. 90); Publicada en el Butlletí Oficial del Parlament de Catalunya, núm. 318, de l'1 de juliol de 2002; Promulgada el 27 de juny de 2002, en el Diari Oficial de la Generalitat de Catalunya, núm. 3671, del 5 de juliol de 2002.  
590 |a Índex.  
590 |a Títol a la coberta: Llei de les cambres oficials de comerç, indústria i navegació de Catalunya i del Consell General de les Cambres. 
650 |a Cambres de comerç  |x Legislació  |x Catalunya  |x 2002  |9 26907 
700 |a Santaló i Burrull, Vicenç  |e editor literari  |9 37212 
710 1 |a Catalunya.  |b Parlament  |9 11492 
901 |a Arxiu 
942 |n 1  |2 udc 
952 |0 1  |1 0  |2 udc  |4 0  |5 2  |6 D328  |7 1  |9 44202  |a Arxiu  |b Arxiu  |d 2016-12-01  |l 0  |o D-3-28  |p 15957  |r 2016-12-01 00:00:00  |w 2016-12-01  |y ARXIU 
999 |c 46782  |d 46782